[Event "Havlickuv Brod op (Women)"]
[Site "Havlickuv Brod"]
[Date "2005.09.30"]
[Round "7"]
[White "Valickova, Martina"]
[Black "Krejcova, Katerina"]
[Result "1/2-1/2"]
[WhiteElo "2057"]
[BlackElo "2037"]
[PlyCount "82"]
[EventDate "2005.09.24"]
[EventType "swiss"]
[EventRounds "9"]
[EventCountry "CZE"]
[SourceTitle "CBM 108 Extra"]
[Source "ChessBase"]
[SourceDate "2005.11.04"]
[SourceVersion "1"]
[SourceVersionDate "2005.11.04"]
[SourceQuality "1"]

1. e4 c5 2. Nf3 d6 3. Bc4 e6 4. d3 g6 5. c3 Bg7 6. Bb3 Nc6 7. 0-0 Nge7 8. d4 0-0 9. Be3 b6 10. Re1 Bb7 11. Nbd2 cxd4 12. cxd4 Rc8 13. Nf1 Na5 14. Bc2 Nc4 15. Bc1 b5 16. b3 Nb6 17. Bd3 a6 18. Ba3 Re8 19. Ne3 Nc6 20. Bb2 Nb4 21. Bb1 Re7 22. Qd2 Nc6 23. h4 Re8 24. Ng4 Nd7 25. Nh6+ Kf8 26. Bc1 f6 27. d5 Nce5 28. Nxe5 Nxe5 29. dxe6 Rxe6 30. Ba3 Nf7 31. Nxf7 Kxf7 32. Bb2 d5 33. Rd1 Rd6 34. Bc2 Qc7 35. Rac1 Rcd8 36. b4 Kf8 37. Bb3 Qd7 38. exd5 Bxd5 39. Bxd5 Rxd5 40. Qxd5 Qxd5 41. Rxd5 Rxd5 1/2-1/2

[Event "Havlickuv Brod op (Women)"]
[Site "Havlickuv Brod"]
[Date "2005.09.25"]
[Round "2"]
[White "Valickova, Martina"]
[Black "Pertlova, Sona"]
[Result "1/2-1/2"]
[WhiteElo "2057"]
[BlackElo "2086"]
[PlyCount "48"]
[EventDate "2005.09.24"]
[EventType "swiss"]
[EventRounds "9"]
[EventCountry "CZE"]
[SourceTitle "CBM 108 Extra"]
[Source "ChessBase"]
[SourceDate "2005.11.04"]
[SourceVersion "1"]
[SourceVersionDate "2005.11.04"]
[SourceQuality "1"]

1. e4 d5 2. exd5 Nf6 3. c4 e6 4. d4 exd5 5. Nc3 c6 6. Bd3 Be7 7. Nge2 0-0 8. 0-0 dxc4 9. Bxc4 Nbd7 10. Bb3 Nb6 11. Qd3 Nbd5 12. a3 Be6 13. Bc2 g6 14. Ng3 Nb6 15. Re1 Qd7 16. Nce4 Nxe4 17. Nxe4 Rad8 18. Bh6 Rfe8 19. Rad1 Qd5 20. Qf3 Qf5 21. Qe2 Qg4 22. f3 Qh5 23. Bc1 Bc4 24. Qf2 Bd5 1/2-1/2